<?xml version="1.0" encoding="UTF-8"?>
<collection xmlns="http://www.loc.gov/MARC21/slim">
<record>
  <controlfield tag="001">254163</controlfield>
  <controlfield tag="005">20250110173133.0</controlfield>
  <datafield tag="035" ind1=" " ind2=" ">
    <subfield code="a">G:(GEPRIS)314067226</subfield>
  </datafield>
  <datafield tag="024" ind1="7" ind2=" ">
    <subfield code="a">G:(GEPRIS)314067226</subfield>
    <subfield code="d">314067226</subfield>
  </datafield>
  <datafield tag="040" ind1=" " ind2=" ">
    <subfield code="a">GEPRIS</subfield>
    <subfield code="c">http://gepris.its.kfa-juelich.de</subfield>
  </datafield>
  <datafield tag="150" ind1=" " ind2=" ">
    <subfield code="a">Optimierungsprobleme mit nicht-glatter Struktur in Banachräumen</subfield>
    <subfield code="y">2016 - 2025</subfield>
  </datafield>
  <datafield tag="371" ind1=" " ind2=" ">
    <subfield code="a">Professor Dr. Christian Kanzow</subfield>
  </datafield>
  <datafield tag="371" ind1=" " ind2=" ">
    <subfield code="a">Professor Dr. Daniel Wachsmuth</subfield>
  </datafield>
  <datafield tag="450" ind1=" " ind2=" ">
    <subfield code="a">DFG project G:(GEPRIS)314067226</subfield>
    <subfield code="w">d</subfield>
    <subfield code="y">2016 - 2025</subfield>
  </datafield>
  <datafield tag="510" ind1="1" ind2=" ">
    <subfield code="a">Deutsche Forschungsgemeinschaft</subfield>
    <subfield code="0">I:(DE-588b)2007744-0</subfield>
    <subfield code="b">DFG</subfield>
  </datafield>
  <datafield tag="550" ind1=" " ind2=" ">
    <subfield code="0">G:(GEPRIS)274039581</subfield>
    <subfield code="a">SPP 1962: Nichtglatte Systeme und Komplementaritätsprobleme mit verteilten Parametern: Simulation und mehrstufige Optimierung</subfield>
    <subfield code="w">t</subfield>
  </datafield>
  <datafield tag="680" ind1=" " ind2=" ">
    <subfield code="a">In diesem Projekt werden Algorithmen zur Lösung komplizierter Optimierungsprobleme in Banachräumen entwickelt und analysiert. Diese beinhalten zum Beispiel Probleme mit Komplementaritäts-, Switching- oder Sparsity-Nebenbedingungen. Durch Ausnutzen der speziellen Struktur dieser Probleme werden Lösungsmethoden entwickelt mit guten globalen und lokalen Konvergenzeigenschaften unter realistischen, problem-angepassten Voraussetzungen. Diese Methoden werden an relevanten Beispielen extensiv getestet.</subfield>
  </datafield>
  <datafield tag="909" ind1="C" ind2="O">
    <subfield code="o">oai:juser.fz-juelich.de:920765</subfield>
    <subfield code="p">authority:GRANT</subfield>
    <subfield code="p">authority</subfield>
  </datafield>
  <datafield tag="980" ind1=" " ind2=" ">
    <subfield code="a">G</subfield>
  </datafield>
  <datafield tag="980" ind1=" " ind2=" ">
    <subfield code="a">AUTHORITY</subfield>
  </datafield>
  <datafield tag="909" ind1="C" ind2="O">
    <subfield code="o">oai:juser.fz-juelich.de:920765</subfield>
  </datafield>
</record>
</collection>